Marvel-Omega Level Mutants - Statistics

General Stats
  • This quiz has been taken 63 times
    52 since last reset
  • The average score is 11 of 41
Answer Stats
Answer % Correct
Jean Grey/Phoenix
97%
Charles Xavier/Prof. X
94%
Bobby Drake/Iceman
76%
Ororo Munroe/Storm
76%
Emma Frost/White Queen
73%
Emma Frost-Summers
70%
Jean Grey/White Phoenix of the Crown
67%
David Haller/Legion
58%
Nathan Summers/Cable
58%
Wanda Maximoff/Scarlet Witch
52%
Quintavius Quire/Kid Omega
39%
Franklin Richards
36%
Hope Summers
33%
Rachel Summers/Marvel Girl
33%
Decimus Furius/War
30%
Joshua Foley/Elixir
30%
Nathaniel Grey/X-Man
30%
Piotr Rasputin/Colossus
24%
Shadow King
24%
Stryfe
21%
Bruce Banner/The Hulk
18%
Jonothan Starsmore/Chamber
15%
Eva Bell/Tempus
6%
Gabriel Summers/Emperor Vulcan
6%
Laurie Collins/Wallflower
6%
Matthew Malloy
6%
Nimrod
6%
Robert Reynolds/Sentry
6%
Absolon Mercator/Mr. M
3%
Carl Creel/Absorbing Man
3%
Cassandra Nova Xavier/Owl Queen
3%
Gabriel Shepherd
3%
Takeo Sasaki
3%
Victor Von Doom/Dr. Doom
3%
Adriana Soria/Spider-Queen
0%
Augustus Roman/Regent
0%
Elektra Natchios
0%
KIA
0%
Orka
0%
Terrence Ward/Trauma
0%
The Unspoken
0%
No matching quizzes found
Score Distribution
Percent of People with Each Score
Percentile by Number Answered
Your Score History
You have not taken this quiz since the last reset